[Event "Hoogeveen Essent Crown"]
[Site "Hoogeveen"]
[Date "2003.10.16"]
[Round "4"]
[White "Karpov, Anatoly"]
[Black "Polgar, Judit"]
[Result "1/2-1/2"]
[WhiteElo "2693"]
[BlackElo "2722"]
[Annotator "Postny,Evgeny"]
[PlyCount "133"]
[EventDate "2003.10.12"]
[EventType "tourn"]
[EventRounds "6"]
[EventCountry "NED"]
[EventCategory "18"]
[SourceTitle "CBM 098"]
[Source "ChessBase"]
[SourceDate "2004.02.03"]
[SourceVersion "1"]
[SourceVersionDate "2004.02.03"]
[SourceQuality "1"]

1. d4 Nf6 2. c4 e6 3. Nc3 Bb4 4. Qc2 O-O 5. e4 d5 {This is the most aggressive way to meet white's last move. Karpov as black prefered 5...d6 against I.Sokolov few rounds before.} 6. e5 Ne4 7. a3 ({The main alternative is} 7. Bd3) 7... Bxc3+ 8. bxc3 c5 9. Bd3 (9. Bb2 cxd4 10. cxd4 Bd7 (10... Qa5+ 11. Ke2 f6 12. f3 Ng5 13. h4 Nf7 14. exf6 gxf6 15. Kf2 Nc6 16. Bd3 dxc4 17. Bxh7+ Kh8 18. Ne2 $16 {1-0 Giorgadze,G-Illescas Cordoba,M/Barcelona 2000/CBM 77 ext (32)}) 11. Bd3 Qa5+ 12. Ke2 Rc8 13. f3 f5 14. exf6 Nxf6 15. c5 Bb5 16. Bc3 Bxd3+ 17. Qxd3 Qa4 18. Kf2 Nbd7 19. Ne2 $11 {½-½ Shariyazdanov,A-Sasikiran,K/Raipur 2002/CBM 87 ext (22)}) 9... cxd4 (9... Qa5 10. Ne2 cxd4 11. cxd5 exd5 12. f3 Nxc3 13. Nxd4 Ne4+ 14. Ke2 Qc3 15. Bxe4 Qxd4 16. Bxh7+ Kh8 17. Bb2 Qh4 18. Bd3 Nc6 19. Kf1 Bd7 20. Re1 Rfe8 $132 {½-½ Belozerov,A-Sakaev,K/Krasnoyarsk 2003/CBM 98 (26)}) (9... Nc6 10. Ne2 cxd4 11. cxd4 Qa5+ 12. Kf1 Nb4 13. axb4 Qxa1 14. f3 f5 15. Qb1 Qxb1 16. Bxb1 a5 17. b5 a4 18. fxe4 fxe4+ 19. Ke1 $16 {1-0 Shariyazdanov,A-Rashkovsky,N/Oberwart 2002/CBM 89 ext (28)}) 10. cxd4 (10. cxd5 exd5 11. cxd4 f6 12. exf6 Qxf6 13. Be3 Nc6 14. Ne2 Bf5 15. O-O Nd6 $11 {1-0 Sokolov,I-Polaczek,R/Antwerp 1996/EXT 97 (41)}) 10... Qa5+ 11. Kf1 {White is losing his right to castle, but is hoping to make use of his pair of bishops, as well as better control over the centre.} Bd7 (11... f5 12. exf6 Nxf6 13. Bd2 Qc7 14. cxd5 Qxc2 15. Bxc2 exd5 16. Bb4 Re8 17. f3 Nc6 18. Ne2 Bd7 $11 {0-1 Belozerov,A-Lahno,K/Rethymnon 2003/CBM 98 (67)}) (11... Nc6 12. Ne2 Bd7 13. Rb1 f6 14. cxd5 exd5 15. Rb5 Qd8 16. Rxd5 $18 {1-0 El Gindy,E-Pavlovic,M/Linares 2003 (27)}) (11... Qc3 12. Rb1 Qxd4 13. Bb2 Qc5 14. f3 f5 15. exf6 Nxf6 16. Bxf6 Rxf6 17. Bxh7+ Kf7 18. cxd5 Qxc2 19. dxe6+ Rxe6 20. Bxc2 $16 {½-½ Shariyazdanov,A-Mishra,N/Raipur 2002/CBM 87 ext (38)}) ({RR} 11... f6 12. Bxe4 dxe4 13. exf6 Rxf6 14. Be3 Bd7 15. Ne2 Bc6 16. Ng3 Nd7 17. h4 Raf8 18. Kg1 Qa6 19. h5 h6 20. Qc3 R6f7 21. Rh4 Nf6 22. Qb4 Rd8 23. a4 b6 24. Ne2 Qb7 25. a5 bxa5 26. Qxa5 {Karpov,A (2672)-Zuriel,M (2207) Villa Martelli 2005 ½-½ (48)}) 12. Ne2 Ba4 $146 (12... f6 13. Bxe4 dxe4 14. exf6 Rxf6 15. Be3 Bc6 16. h4 Nd7 17. Rh3 Rc8 $11 {½-½ Shariyazdanov,A-Pikula,D/Biel 2002/EXT 2003 (42)}) 13. Qb2 Nc6 $146 ({RR} 13... f6 14. Bxe4 dxe4 15. exf6 Qa6 16. fxg7 Rf7 17. Be3 Nd7 18. c5 Bb5 19. Re1 Nf6 20. Kg1 Nd5 21. Ng3 Bd3 22. h4 Rxg7 23. Bg5 Qa5 24. Bd2 Qa6 25. Nxe4 Bxe4 26. Rxe4 Qd3 27. Re5 Rf8 28. Bh6 {Krejci,J (2503)-Studer,N (2343) Meissen 2013 1-0 (31)}) ({RR} 13... Nd7 14. f3 f5 15. Qb4 Qxb4 16. axb4 Bb3 17. c5 Rf7 18. Ke1 a5 19. fxe4 dxe4 20. Bb5 a4 21. h4 Nb8 22. Rh3 Na6 23. Bd2 Nc7 24. Rc3 Nxb5 25. Rxb3 Rd7 26. Be3 Ra6 27. Rb2 Rd8 28. Kd2 {Gong,S (2347)-Xie,J (2237) Dongtai CHN 2025 1-0 (31)}) ({RR} 13... f6 14. Bxe4 dxe4 15. exf6 Qf5 16. Be3 Nc6 17. fxg7 Rf7 18. Ng3 Qg6 19. Ke2 Qxg7 20. h3 Qg6 21. Rab1 b6 22. Rhc1 Na5 23. Qb4 Bc6 24. c5 Bd5 25. Qb5 a6 26. Qb4 Nc6 27. Qc3 b5 28. Rb2 {Lysiak,M (2126)-Djordjevic,V (2350) Chess.com INT 2021 1-0 (67)}) 14. cxd5 (14. Qxb7 $4 Rab8 15. Qd7 Rfd8 $19 {[%csl Rd7]}) (14. f3 f6 $1 {[%csl Rf1,Gf8][%cal Gf8f1]} 15. cxd5 (15. fxe4 $2 fxe5+ $17 16. Kg1 $4 Qe1#) 15... exd5 16. e6 f5 $15 {[%csl Re6]}) 14... exd5 15. Be3 (15. f3 f6 {- see 14.f3.}) (15. Qxb7 $2 a6 $1 {[%cal Gf8b8]} (15... Nxd4 16. Qb4 (16. Nxd4 $2 Qc3 $17) 16... Qxb4 17. axb4 Bb5 $11) 16. Bxe4 (16. Qb2 Rab8 17. Qa2 Bb3 18. Qb2 Bd1 $1 19. Qa2 Bxe2+ $19 {[%csl Rd4]}) 16... dxe4 $17) (15. Bf4 f6 $36) 15... f6 16. Bxe4 dxe4 17. exf6 Rxf6 18. Kg1 Bb5 $6 ({More to the point is} 18... Rd8 {putting pressure on white's d4.}) 19. Ng3 Bd3 20. Rc1 Raf8 $6 {There is no real point for doubling the rooks on the "f" file, the f2 is very well protected.} (20... Rd8 $142) 21. h4 b6 $6 {Another dubious move, weakening the c6.} (21... R6f7 $142) 22. Qb3+ Kh8 23. h5 h6 24. Rh4 Rd6 ({Very beautiful variation is:} 24... Nxd4 $2 25. Bxd4 Qg5 {[%csl Rc1,Rh4]} 26. Rc7 $3 Qxh4 27. Rxg7 $1 {[%cal Gg7g6]} Rc8 (27... Kxg7 28. Nf5+ $18 {[%csl Rg7,Rh4]}) 28. Rg8+ $1 (28. Qb2 $1 $18) 28... Rxg8 29. Qf7 Rg7 30. Bxf6 Qg4 31. Qxa7 $18) 25. Rf4 $1 $16 {Suddenly, all white's pieces are very well coordinated. Black is in serious trouble.} (25. Nxe4 $2 Nxd4) (25. Rxe4 $2 Bxe4 26. Nxe4 Nxd4) 25... Rxf4 (25... Rfd8 26. Rf7 Nxd4 27. Bxd4 Rxd4 28. Nf5 $40) 26. Bxf4 Rf6 27. Be3 Ne7 28. Rc7 Qd5 (28... Nd5 $2 29. Rd7 $18) 29. Qxd5 Nxd5 30. Rxa7 {White is a pawn up, but it's hard for him to achieve progress.} Rf8 31. Kh2 Kg8 32. Kh3 Nf4+ 33. Kh2 {Karpov does not want to take any risk.} (33. Kg4 Nd5 $1 (33... Nxg2 34. d5 {[%csl Gd5]} (34. Nf5 $4 Be2+))) 33... Nd5 34. Rd7 Nf6 35. Rd6 Ra8 36. Rxb6 Rxa3 {Black has reasonable chances for a draw.} 37. Kh3 Ra5 38. Kh4 Rd5 39. Rb7 (39. Bxh6 Rxd4 $16) 39... Bc2 40. Bf4 $2 {This just leads to exchange of pawns, which will make black's defensive task much easier.} (40. Rc7 Bd1 41. Rc5 {and white is keeping chances for a win.}) 40... Rxd4 41. Rxg7+ $6 {This leads to a drawish position by force.} (41. Be5 Rd5 $1 (41... Rd7 42. Rb2 Bd3 43. Bxf6 gxf6 44. Nf5 $16) 42. Bxf6 gxf6 {In this position white still keeps practical winning chances.}) 41... Kxg7 42. Nf5+ Kh7 43. Nxd4 Bd1 {[%csl Rh5]} 44. Nf5 Bxh5 45. Nxh6 Nd5 46. Bc1 e3 $1 {Transforming the position to a drawish endgame with opposite colour bishops.} 47. fxe3 Kxh6 48. e4+ Kg6 49. exd5 Bd1 $1 50. g4 Bb3 51. d6 Be6 52. Bg5 Bc8 53. Be7 Bd7 54. Kg3 Bc8 55. Kf4 Bd7 {This endgame a theoretical draw.} 56. g5 Kf7 57. Ke5 Be8 58. Kd5 Ba4 59. Bd8 Ke8 60. Ba5 Kf7 61. Bc3 Be8 62. Bb2 Ba4 63. Bc1 Be8 64. Bb2 Ba4 65. Kc5 Ke6 66. g6 Kd7 67. g7 (67. g7 Bb3 {followed by 68...Bg8, building fortress.}) 1/2-1/2

[Event "VAM Hoogeveen 3rd"]
[Site "Hoogeveen"]
[Date "1999.10.18"]
[Round "2"]
[White "Karpov, Anatoly"]
[Black "Polgar, Judit"]
[Result "1/2-1/2"]
[WhiteElo "2700"]
[BlackElo "2671"]
[Annotator "Golod,Vitali"]
[PlyCount "77"]
[EventDate "1999.10.15"]
[EventType "tourn"]
[EventRounds "6"]
[EventCountry "NED"]
[EventCategory "15"]
[SourceTitle "CBM 074"]
[Source "ChessBase"]
[SourceDate "2000.02.01"]
[SourceVersion "1"]
[SourceVersionDate "2000.02.01"]
[SourceQuality "1"]

1. d4 {Golod,Vitali} Nf6 2. c4 e6 3. Nc3 Bb4 4. Qc2 O-O 5. a3 Bxc3+ 6. Qxc3 b6 7. Bg5 Ba6 $5 ({Other lines are:} 7... c5) ({and} 7... Bb7) 8. e3 d6 9. b4 {Besides,white has several options:} (9. Nf3 $5 {See comments to Ivanchuk,V-Adams,M/ Linares,1999/CBM 70(0-1)(Golod,V)(40)}) (9. f3) (9. Qc2) (9. Bd3 $5 {Is the main line.See comments to Jelen,I-Gyimesi,Z/Baden,1999/CBM 71 (½-½)(Golod,V)(25)}) ({RR} 9. Be2 Nbd7 10. Bf3 Rc8 11. b4 ({RR} 11. Ne2 c5) 11... c6 ({RR} 11... c5 12. b5 cxd4 13. Qxd4) 12. Qb3 ({RR} 12. Ne2 Qc7 ({RR} 12... d5 13. c5) 13. O-O c5 ({RR} 13... e5 14. Bxf6 Nxf6 15. Ng3 ({RR} 15. dxe5 dxe5 16. Ng3 Rcd8) 15... exd4 16. Qxd4 c5) 14. dxc5 bxc5 15. b5 Bb7 16. Bxb7 Qxb7 17. Ng3 h6 18. Bxf6 Nxf6 19. Rfd1 d5) 12... Qc7 13. Ne2 e5 ({RR} 13... c5) ({RR} 13... d5 14. cxd5 ({RR} 14. c5 e5 15. Bxf6 Nxf6 16. dxe5 Qxe5 17. Nd4 bxc5 18. bxc5) 14... cxd5 15. b5 Bb7 16. Rc1 Qd6 17. O-O) 14. Bxf6 ({RR} 14. e4 exd4 15. Nxd4 Rfe8) ({RR} 14. Ng3 exd4 15. exd4 Rfe8+ 16. Be2 d5) ({RR} 14. dxe5 Nxe5 ({RR} 14... dxe5 15. e4 h6 ({RR} 15... c5 16. b5 Bb7 17. Nc3 h6 18. Be3 Rfd8 19. Nd5 Nxd5 ({RR} 19... Bxd5 20. exd5 e4 21. Be2) 20. exd5 Nf6 21. O-O) 16. Be3 Rfd8 17. O-O Nf8 18. Rfd1 Ne6) 15. b5 Bb7 16. Bxf6 gxf6 ({RR} 16... Nxf3+ 17. gxf3 gxf6 18. Nd4 Kh8 19. Qc3 Qe7 20. Nf5 Qe5 21. Qxe5 dxe5 22. Ke2 ({RR} 22. Nd6 Rc7 23. Nxb7 Rxb7 24. Ke2) 22... Rc7 ({RR} 22... Rfd8 23. Rhd1 cxb5 24. Nd6 ({RR} 24. cxb5 Rc2+ 25. Kf1 Rg8 26. e4 Bc8 27. Rac1 Rxc1 28. Rxc1 Bxf5 29. exf5 Kg7) 24... Rxd6 25. Rxd6 bxc4 26. Rd7)) 17. Nd4 Rfe8) 14... Nxf6 15. dxe5 dxe5 16. Ng3 e4 17. Be2 ({RR} 17. Nxe4 Nxe4 18. Bxe4 Qe5 19. Qb1 Bxc4) 17... c5 ({RR} 17... Rfd8) 18. Qa4 ({RR} 18. b5 Bb7 19. O-O Qe5 ({RR} 19... Rfd8 20. Rfd1) 20. a4 h5 21. a5 h4 22. a6 hxg3 ({RR} 22... Ba8) 23. axb7 gxh2+ 24. Kh1 Rcd8 25. Rxa7 Rd2) 18... Bb7 19. O-O ({RR} 19. Qxa7 Ra8) 19... Bc6 ({RR} 19... a6 20. Rfd1) 20. b5 Bd7 21. Rfd1 Rcd8 22. Ra2 ({RR} 22. Qc2 Qe5 23. a4 h5 24. a5 h4) 22... Be6 23. Rad2 Rxd2 {Seirawan,Y (2645)-Milos,G (2620) Bali 2000 CBM 077 [Golod,Vitali] ½-½}) ({RR} 9. f3 Nbd7 10. Bd3 ({RR} 10. Nh3 h6 11. Bh4 Rc8 ({RR} 11... c5 12. dxc5 Nxc5 13. O-O-O Rc8 14. Bxf6 gxf6 15. Kb1) 12. b4 ({RR} 12. O-O-O c5 13. d5 ({RR} 13. dxc5 Rxc5 14. Rxd6 Qc7) 13... exd5 14. cxd5 Bxf1 15. Rhxf1 b5) 12... c5 13. dxc5 bxc5 14. b5 Bb7) 10... h6 11. Bh4 c5 12. dxc5 ({RR} 12. Rd1 Rc8 13. Ne2 ({RR} 13. dxc5 Rxc5 14. Bg3 ({RR} 14. Qd4 Qc7 15. b3 Ra5 16. a4 d5) 14... Ne5) 13... cxd4 14. Qxd4 Ne5 15. b3 Nxd3+ 16. Qxd3 d5)) ({RR} 9. Nf3) ({RR} 9. Qc2) ({RR} 9. Bd3) ({RR} 9. Ne2 Nbd7 10. Qc2 c5 11. Rd1 Qc7 12. Nc3 Rfe8 13. Be2 cxd4 14. Rxd4 Qc5 15. Bh4 e5 16. Rd2 Bb7 17. O-O Rac8 18. Rfd1 d5 19. cxd5 Bxd5 20. Qb1 Bb3 21. Rxd7 Nxd7 22. Rxd7 Rc7 23. Rd2 Be6 {Wu,R (2042)-Zeng,S (1863) Las Vegas 2018 1-0 (40)}) 9... Nbd7 10. f3 $5 $146 {[%csl Re4][%cal Yf3e4][%mdl 8]} (10. Bd3 $5 {Is the first game in this variation (9.b4)} c5 11. dxc5 bxc5 12. b5 Bb7 13. f3 d5 14. Ne2 Qb6 15. O-O dxc4 16. Bxc4 Nd5 17. Qb3 $13 {Johansen,T-Gausel,E/Oslo,1998(0-1)(43)}) 10... Re8 $146 ({Also possibly:} 10... c5) ({Dubious:} 10... Ne4 {in view of:} 11. Bxd8 Nxc3 $140 12. Bh4 $1 {[%csl Rc3] and because of bad knight(c3) white has a big advantage.} (12. Bxc7 $143 Rfc8 13. Bxd6 Bxc4 14. Bxc4 Rxc4 $44)) ({RR} 10... c5 11. dxc5 bxc5 12. b5 Bb7 13. Nh3 h6 14. Bf4 d5 15. Bg3 a6 16. cxd5 {½-½ (16) Kruppa,Y (2561)-Iordachescu,V (2560) Kiev 2000}) ({RR} 10... e5 11. dxe5 dxe5 12. Nh3 h6 13. Bh4 g5 14. Bg3 Qe7 15. e4 Nh5 16. Nf2 Nxg3 17. hxg3 Kg7 18. Ng4 Rh8 19. Ne3 Qe6 20. Nf5+ Kg8 21. Rd1 Nf8 22. b5 Bb7 23. c5 Rd8 24. cxb6 Qxb6 25. Rc1 {Stohl,I (2600)-Anka,E (2487) Hungary 1999 1-0 (44)}) 11. Nh3 {[%csl Yh3][%cal Yh3g5]} (11. Bd3 $6 e5 {[%cal Ge5e4]} 12. d5 $140 $2 e4 $15) 11... h6 12. Bh4 Rc8 {with the idea c5;d5 or e4} ({Again dubious:} 12... Ne4 13. Bxd8 Nxc3 14. Bxc7 (14. Bh4 $5 {[%csl Rc3]}) 14... Rac8 15. Bxd6 Bxc4 16. Bxc4 Rxc4 17. Kd2 $16) 13. Bf2 d5 $5 {[%csl Ga6,Gd5]} ({Another alternative is:} 13... c5 $5 14. dxc5 bxc5 (14... dxc5 $143 15. e4 {/=}) 15. b5 Bb7 16. Rd1 (16. Be2 d5 17. O-O e5 18. cxd5 Nxd5 19. Qc2 e4 $13) 16... d5 17. Be2 e5 18. cxd5 Nxd5 19. Qd2 $13) 14. b5 ({Worse is:} 14. c5 Bxf1 15. Kxf1 bxc5 16. bxc5 (16. dxc5 $143 e5 $15) 16... e5 {[%csl Rf1] =/}) 14... Bb7 15. cxd5 ({Badly:} 15. c5 {because of:} c6 {[%csl Rc3,Gc8]}) 15... Nxd5 $1 {Differently after:} (15... exd5 16. Bd3 c5 17. bxc6 Rxc6 18. Qb2 {white has a positional advantage.}) 16. Qb2 $140 e5 {[%csl Re1]} 17. e4 ({Much worse is:} 17. dxe5 Nxe5 18. Rd1 Qe7 $36) 17... exd4 18. Bxd4 {[%csl Rg7]} Nc5 $1 {[%mdl 576] Is the best practical chance.} ({After:} 18... N5f6 19. Be2 {white has a big positional advantage.}) 19. Bxc5 {This move better than:} (19. Bxg7 $6 Nxe4 20. fxe4 Qh4+ $44 {[%csl Re1]}) ({and} 19. O-O-O $2 {because of:} Na4 $1 20. Qb3 $140 {[%csl Ra4,Rd5]} c6 {[%csl Rc1,Gc8]} 21. exd5 (21. Qxa4 $4 cxb5+ {[%csl Ra4,Rc1,Gc8]}) 21... cxb5+ 22. Kb1 Bxd5 $17 23. Qxb5 $140 Bxf3 $1 24. gxf3 (24. Qxa4 Bxd1 25. Qxd1 Re4 26. Ba6 Rxd4 27. Qxd4 Qxd4 28. Bxc8 Qe4+ $19 {[%csl Rb1,Rg2]}) 24... Nc3+ 25. Bxc3 Qxd1+ 26. Kb2 (26. Ka2 Qxf3 $19 {[%csl Rc3,Rh1]}) 26... Re1 $1 {[%cal Gd1b1]} 27. Bxe1 (27. Qd3 Qxd3 28. Bxd3 Rxh1) 27... Qc2+ 28. Ka1 Qc1+ 29. Ka2 (29. Qb1 Qxa3+ 30. Qa2 Rc1#) 29... Rc2+ 30. Kb3 Rb2+ 31. Ka4 Qc2+ 32. Qb3 Qxb3#) 19... bxc5 20. O-O-O {[%csl Gd1,Rd5,Rd8]} c6 $8 21. bxc6 {Besides this move can be recommended:} (21. Bc4 {(right away)}) ({or after:} 21. exd5 cxd5 22. Bc4) 21... Bxc6 22. exd5 ({Dubious:} 22. Bc4 {in view of:} Rb8 23. Qa1 (23. Bxd5 $6 Rxb2 24. Bxf7+ (24. Bxc6 $4 Qf6 $19 {[%csl Rc1][%cal Gf6c3]}) 24... Kxf7 25. Rxd8 Rxd8 26. Kxb2 Rd2+ 27. Kc3 Rxg2 {=/}) (23. Qc2 $2 Qa5 {[%csl Rc1][%cal Ga5a3]}) 23... Qf6 24. Qxf6 Nxf6 25. Rd6 Bb5 $11) 22... Qa5 {with the idea 23...b8 weakness(c1;a3)} 23. dxc6 {Is the obligatory move.} (23. Nf4 $2 Rb8 24. Qa1 Rb3 $1 {[%csl Rc1][%cal Gb3c3,Gb3a3] with strong attack.}) (23. Nf2 $144 Rb8 24. Qa1 Rb3 $1 $17) 23... Rb8 24. c7 $6 ({In my opinion better is:} 24. Qa1 Rb3 $8 ({Loses:} 24... Re3 $2 {[%cal Ge3c3]} 25. Bd3 c4 (25... Rb3 $143 26. Bc2 Rxa3 27. Qb1 $18 {[%csl Rg8]} Ra1 $140 28. Rd8+ Qxd8 29. Qxa1) 26. c7 Qxc7 27. Bc2 Qc5 28. Rhe1 Rxa3 29. Qe5 $18 {[%csl Rg8]}) 25. Bd3 Rxa3 26. Qb2 Ra2 $1 {[%csl Rc1]} (26... c4 $2 27. Rhe1 $1 {[%csl Gb2,Rg8]} Ra1+ 28. Bb1 Rxb1+ (28... Qxe1 $2 29. Rxe1 Rxe1+ 30. Kd2 c3+ (30... Raxb1 31. Qxb1 $1 Rxb1 32. c7 c3+ 33. Kc2 Rb2+ 34. Kxc3 $18) 31. Qxc3 Raxb1 32. Qc2 $18) 29. Kxb1 (29. Qxb1 $4 Qc3+ 30. Qc2 Qa1+ 31. Qb1 Qc3+ $11) 29... Rxe1 30. Rxe1 Qxe1+ 31. Qc1 Qb4+ 32. Kc2 Qa4+ 33. Kc3 Qxc6 34. Qf4 $16 {[%csl Rc4] }) 27. Rhe1 {[%csl Rg8]} Rc8 $1 {[%csl Rc1]} 28. Qb3 Ra3 29. Qb2 Ra2 $11) 24... Rxb2 25. Kxb2 Qb6+ $5 ({Slightly worse is:} 25... Qxc7 26. Bc4 Qe5+ 27. Kc2 Rb8 28. Rb1 Rxb1 29. Rxb1 Qxh2 30. Bf1 $11) 26. Ka2 Qe6+ 27. Kb2 c4 $5 {[%csl Rb2]} ({After:} 27... Qb6+ 28. Ka2 Qe6+ {equality}) 28. Rd8 Qb6+ 29. Kc3 ({Loses right away:} 29. Ka1 $2 Rxd8 30. cxd8=Q+ Qxd8 $19 {[%csl Ra1,Rc4,Yd8]}) ({Also good enough for equality:} 29. Kc2 Qb3+ 30. Kd2 c3+ (30... Qb2+ 31. Kd1 $11) 31. Kd3 c2+ 32. Kd2 c1=Q+ 33. Kxc1 Qxa3+ 34. Kc2 Qa2+ {and see game after:35...a2+}) 29... Qb3+ 30. Kd4 $11 (30. Kd2 {transfer to 29.c2}) 30... Qb6+ ({Senselessly:} 30... Qd1+ 31. Kc5 Rxd8 32. cxd8=Q+ Qxd8 33. Kxc4) 31. Kc3 (31. Kd5 $144 Qe6+ 32. Kc5 Qb6+ $11) 31... Qa5+ 32. Kc2 Qa4+ 33. Kd2 (33. Kc3 Qb3+ {and see game after:29...b3+}) 33... c3+ ({Also draw after:} 33... Qa5+) 34. Kxc3 Qxa3+ {[%csl Ga3,Rc3,Rc7]} 35. Kc2 Qa2+ 36. Kc1 (36. Kc3 $2 Qa5+ 37. Kc2 Rxd8 38. cxd8=Q+ Qxd8 $15) 36... Qa3+ 37. Kc2 Qa4+ 38. Kc1 (38. Kb2 $144 Qb4+ 39. Kc2 (39. Ka2 $2 Qa5+ {[%csl Rd8]}) 39... Qa4+ $11) 38... Qa1+ 39. Kc2 1/2-1/2

[Event "URS-ch50 Final"]
[Site "Moscow"]
[Date "1983.04.03"]
[Round "1"]
[White "Karpov, Anatoly"]
[Black "Polugaevsky, Lev"]
[Result "1/2-1/2"]
[WhiteElo "2710"]
[BlackElo "2625"]
[PlyCount "112"]
[EventDate "1983.04.03"]
[EventType "tourn"]
[EventRounds "17"]
[EventCountry "URS"]
[EventCategory "14"]
[SourceTitle "URS-ch"]
[Source "ChessBase"]
[SourceDate "1999.07.01"]
[SourceVersion "1"]
[SourceVersionDate "1999.07.01"]
[SourceQuality "1"]

1. d4 Nf6 2. c4 e6 3. Nc3 Bb4 4. Qc2 O-O 5. a3 Bxc3+ 6. Qxc3 b6 7. Nf3 Bb7 8. e3 d6 9. b4 Nbd7 10. Bb2 Qe7 11. Bd3 c5 12. O-O ({RR} 12. dxc5 bxc5 13. Be2 d5 14. cxd5 Bxd5 15. O-O cxb4 16. axb4 Rfc8 17. Qd4 Nb6 18. Rfc1 Rxc1+ 19. Rxc1 Rc8 20. Rxc8+ Nxc8 21. Ne5 Nd6 22. f3 Qc7 23. e4 Ba8 24. b5 Nfe8 25. Qa4 f5 26. Qb3 Qc8 {Kasparov,G (2675)-Gligoric,S (2535) Luzern 1982 1-0 (51)}) 12... cxd4 13. Nxd4 Ne5 14. Rac1 Rfc8 $146 ({RR} 14... Rac8 15. Qd2 Nxd3 16. Qxd3 Rfd8 17. Rfd1 d5 18. cxd5 Bxd5 19. f3 Bb7 20. Rxc8 Rxc8 21. e4 Ne8 22. Rc1 {½-½ (22) Knezevic,M (2500)-Smejkal,J (2555) Trencianske Teplice 1985}) 15. Qd2 Nxd3 16. Qxd3 d5 17. cxd5 Nxd5 18. b5 Qe8 19. h3 Rxc1 20. Rxc1 Rc8 21. Re1 Ne7 22. a4 Qd7 23. Qd1 Ng6 24. Nf3 Nf8 25. Ba3 Qc7 26. Qd4 Qc3 27. Qxc3 Rxc3 28. Ra1 f6 29. Nd4 Bd5 30. a5 Nd7 31. Bb2 Rc7 32. e4 Bxe4 33. axb6 Nxb6 34. Nxe6 Re7 35. Nd4 Rc7 36. Re1 Bd3 37. Re3 Nc4 38. Rxd3 Nxb2 39. Ra3 Rb7 40. Rc3 Rd7 41. Rc8+ Kf7 42. Nc6 Nc4 43. Ra8 Ke6 44. Rxa7 Rxa7 45. Nxa7 Kd5 46. Kh2 Kc5 47. Kg3 Nd6 48. Kf4 Kb6 49. Nc6 Nxb5 50. Nd8 Nd4 51. Ke4 Kc7 52. Kxd4 Kxd8 53. Kd5 Kd7 54. f4 Ke7 55. g4 Kd7 56. h4 Ke7 1/2-1/2

[Event "Interpolis"]
[Site "Tilburg"]
[Date "1986.10.30"]
[Round "9"]
[White "Karpov, Anatoly"]
[Black "Portisch, Lajos"]
[Result "1/2-1/2"]
[WhiteElo "2705"]
[BlackElo "2605"]
[PlyCount "82"]
[EventDate "1986.10.19"]
[EventType "tourn"]
[EventRounds "14"]
[EventCountry "NED"]
[EventCategory "15"]
[SourceTitle "CBM 003"]
[Source "ChessBase"]
[SourceDate "1988.04.01"]
[SourceVersion "1"]
[SourceVersionDate "1988.04.01"]
[SourceQuality "1"]

1. d4 Nf6 2. c4 e6 3. Nc3 Bb4 4. Nf3 c5 5. g3 cxd4 6. Nxd4 O-O 7. Bg2 d5 8. O-O dxc4 9. Qa4 Na6 10. Ndb5 Nd5 11. Rd1 Bd7 12. Nxd5 exd5 13. Rxd5 ({RR} 13. Bxd5 Qb6 14. Bxc4 Qc6 15. Be3 Qxc4 16. Rxd7 Qxe2 17. Rxb7 Rae8 18. Nd4 Qxb2 19. Rd1 Qa3 20. Rxb4 Qxb4 21. Qxa6 Rd8 22. Qxa7 Ra8 23. Qd7 Rfd8 24. Qc7 Qa4 25. Rd2 Rac8 26. Qb7 Rb8 27. Qe4 h5 {Moiseenko,A (2664)-Zelcic,R (2522) Gothenburg 2005 1-0 (53)}) 13... Qc8 $146 ({RR} 13... Qe8 14. Be3 Bc6 15. Rh5 Bxg2 16. Kxg2 Qe4+ 17. Kg1 Qg4 18. Re5 Qxe2 19. a3 Bc5 20. Bd4 Qd2 21. Rd1 Bxd4 22. Rxd2 Bxe5 23. Qxc4 Bf6 24. b4 Rac8 25. Qe4 {1-0 (25) Avshalumov,A (2465)-Jukic,M (2445) Sibenik 1987}) ({RR} 13... Qe8 14. Be3 Bc6 15. a3 Bxd5 16. Bxd5 Bc5 17. Bxb7 Rb8 18. Qxa6 Bxe3 19. fxe3 Qxe3+ 20. Kf1 Qd2 21. a4 Qxb2 22. Ra3 Rxb7 23. Qxb7 a6 24. Rf3 {½-½ (24) Lalic,B (2485)-Horvath,J (2465) Sochi 1987}) 14. a3 Be7 15. Bf4 Bf6 16. Rc1 c3 17. bxc3 Bc6 18. Qd1 Bxd5 19. Qxd5 Qd8 20. Bd6 Be7 21. c4 Bxd6 22. Nxd6 Qe7 23. c5 b6 24. cxb6 axb6 25. Rc6 Qxe2 26. Bf1 Qe1 27. Kg2 Nc5 28. Bc4 Rad8 29. Rxb6 Ne6 30. a4 Nc7 31. Qf3 Rd7 32. Qg4 Re7 33. Rc6 Ne8 34. Nb5 Qa1 35. Bd3 Nf6 36. Qf5 Re5 37. Qf4 Nd5 38. Qc4 Qb2 39. Kf3 Ne7 40. Rd6 Qa1 41. Kg2 Re1 1/2-1/2

[Event "Moscow"]
[Site "Moscow"]
[Date "1981.04.??"]
[Round "6"]
[White "Karpov, Anatoly"]
[Black "Portisch, Lajos"]
[Result "1/2-1/2"]
[WhiteElo "2690"]
[BlackElo "2650"]
[Annotator "Belov,Igor"]
[PlyCount "60"]
[EventDate "1981.04.08"]
[EventType "tourn"]
[EventRounds "13"]
[EventCountry "URS"]
[EventCategory "15"]
[SourceTitle "MCL"]
[Source "ChessBase"]
[SourceDate "1999.07.01"]
[SourceVersion "1"]
[SourceVersionDate "1999.07.01"]
[SourceQuality "1"]

1. d4 Nf6 2. c4 e6 3. Nc3 Bb4 4. e3 c5 5. Nf3 O-O 6. Bd3 d5 7. O-O dxc4 8. Bxc4 Nbd7 9. Qe2 a6 (9... cxd4 10. exd4 b6 11. d5 $14) (9... b6 10. a3 cxd4 11. axb4 dxc3 12. bxc3 $14) 10. a4 (10. Bd3 $142 b5 11. a3 Ba5 12. b4 cxb4 13. axb4 Bxb4 14. Nxb5 Bb7 15. Ba3 $14) 10... Qc7 (10... cxd4 11. exd4 Nb6 12. Bb3 Nbd5 13. Ne4 Bd7 $10) 11. Na2 b5 12. Bd3 (12. axb5 axb5 13. Bxb5 Bb7 $44) 12... Ba5 (12... bxa4 13. Nxb4 cxb4 14. Rxa4 $14 {Portisch,L-Ardiansyah,H/Skopje(ol)/1972/0,5 (47) Inf 14/589/}) 13. axb5 (13. b4 Bxb4 14. Nxb4 cxb4 15. e4 Bb7 16. a5 e5 17. Nxe5 Nxe5 18. dxe5 Qxe5 $10 {Knaak,R-Enders,P/DDR/1986/}) 13... axb5 14. Bxb5 Bb7 15. Rd1 (15. Nc3 cxd4 16. Nxd4 Qd6 17. Ra4 Nb6 18. Ra3 Nbd5 19. Nxd5 Bxd5 20. Bd3 Bc7 $44 {Knaak,R-Balashov,Y/Halle/1976/}) 15... Rfb8 $146 (15... Rab8 $6 16. dxc5 Nxc5 17. b4 Ng4 18. h3 $1 Bxf3 19. Qxf3 Qh2+ 20. Kf1 Qe5 21. Qxg4 $16 {Georgadze,T-Balashov,Y/URS(ch)/1980/0,5 (75) Inf 30/671/}) ({RR} 15... Rab8 16. dxc5 Bxf3 17. gxf3 Nxc5 18. b4 Nb3 19. Rb1 Qe5 20. bxa5 Rxb5 21. Kh1 Qb8 22. Ba3 Rc8 23. Bd6 Qb7 24. a6 Qb6 25. Bc7 Qc6 26. a7 h6 27. Bb8 Nd7 28. Rd6 Qb7 29. Rxd7 Qxd7 30. a8=Q {Portisch,L (2640)-Balashov,Y (2600) Rio de Janeiro 1979 1-0 (31)}) ({RR} 15... Rab8 16. dxc5 Nxc5 17. b4 Ng4 18. h3 Bxf3 19. Qxf3 Qh2+ 20. Kf1 Qe5 21. Qxg4 Qxa1 22. Bc4 Bxb4 23. Bd2 Qb2 24. Bxb4 Rxb4 25. Nxb4 h5 26. Qxh5 Qxb4 27. Qg4 Qc3 28. g3 Qf6 29. Kg2 Rd8 30. Rb1 {Giorgadze,T (2540)-Balashov,Y (2600) Vilnius 1980 ½-½ (75)}) 16. h3 Bb4 17. Bxd7 (17. Bc4 Bxf3 18. gxf3 $8 cxd4 19. Rxd4 Ne5 $44) 17... Nxd7 18. Bd2 Bxd2 19. Qxd2 (19. Rxd2 Bd5 $17) (19. Nxd2 Ba6 $17 { b2/}) 19... Bxf3 20. gxf3 Qb7 21. Kg2 Qxb2 22. Qxb2 Rxb2 23. dxc5 $1 Nxc5 24. Nb4 $10 Rc8 25. Nc6 Kf8 (25... Rxc6 $4 26. Ra8+ $18) 26. Ne5 Rb7 27. Nc4 Rbc7 28. Nd6 Rd8 29. Nb5 Rxd1 30. Rxd1 Rd7 1/2-1/2